000 00477cam a2200181ua 4500
001 2480
008 110823n ii |||gr||||Z||||||asm
040 _cMAIN
082 _a398.054
100 1 _aShastri, Biswanarayan,
_eAuithor.,
245 1 _aBharatiya sabhyata aru sanskriti
_cby Biswanarayan Shastri
250 _a2nd.
260 _aGuahati:
_bOriental book company,963.
300 _a138p:
_bill;
_c23cm.
653 _aFolklore
653 _aAssamese Culture
942 _cBK
999 _c2335
_d2335